| 000 | 00868cab a2200385 4500 | ||
|---|---|---|---|
| 001 | ABS48188 | ||
| 008 | 090401t1993 xxu||||| |||| 00| 0 eng d | ||
| 035 | _a(Sirsi) u65393 | ||
| 041 | _aeng | ||
| 245 | _aEssex | ||
| 260 | _c1993 | ||
| 350 | _a0 | ||
| 490 |
_aEstates Times _v(1182) 26 March 1993, 11-20(10) |
||
| 650 | _aBASILDON | ||
| 650 | _aBRAINTREE | ||
| 650 | _aBRENTWOOD | ||
| 650 | _aCHELMSFORD | ||
| 650 | _aCLACTON | ||
| 650 | _aCOLCHESTER | ||
| 650 | _aHARLOW | ||
| 650 | _aHARWICH | ||
| 650 | _aINDUSTRIAL | ||
| 650 | _aOFFICES | ||
| 650 | _aRENTS | ||
| 650 | _aRETAIL | ||
| 650 | _aROMFORD | ||
| 650 | _aSOUTHEND | ||
| 650 | _aSTANSTED | ||
| 650 | _aSTRATFORD | ||
| 650 | _aTHURROCK | ||
| 650 | _aTILBURY | ||
| 690 | _aPROPERTY-COMMERCIAL PROPERTY-COMMERCIAL PROPERTY MARKET | ||
| 942 | _n0 | ||
| 948 | _c04/03/1997 | ||
| 999 |
_c40775 _d40775 |
||